Psicología y psiquiatría de la religión /

Guardado en:
Detalles Bibliográficos
Autor principal: Dunlap, Knight (autor)
Otros autores: Sumner, F.C. (autor) (autor), Thomas, Juan Jorge (traducción) (traducción)
Formato: Libro
Idioma:Español
Publicado: Buenos Aires, Argentina : Paidós, 1967, c1967
Colección:(Biblioteca del Hombre Contemporáneo ; 149)
Temas:
Etiquetas: Agrega una etiqueta
Sin etiquetas, Sé el primero en etiquetar este registro!

MARC

LEADER 00000nam^a2200000^a^4500
001 000000851
005 20250521000000.0
009 20260310083044.397
037 |a Acervo ITESO - Biblioteca 
041 |a ESP 
082 |a 200. 19  |b DUN 
100 |a Dunlap, Knight  |e (autor) 
245 1 0 |a Psicología y psiquiatría de la religión /  |c K. Dunlap, F.C. Sumner ; tr. por J.J. Thomas. 
264 1 |a Buenos Aires, Argentina :  |b Paidós,  |c 1967, c1967 
300 |a 85 p. 
336 |a texto  |b txt  |2 rdacontenido 
337 |a sin mediación  |b n  |2 rdamedio 
338 |a volumen  |b nc  |2 rdasoporte 
440 1 |a (Biblioteca del Hombre Contemporáneo ;  |v 149) 
500 |a Traducción de: Psychology of Religion: Religion and Psychiatry 
649 |a XX 
650 |a Psicología y Religión -  |x Tema Principal 
650 |a Psiquiatría 
650 |a Filosofía y Religión -  |x Teoría 
700 |a Sumner, F.C.  |e (autor) 
700 |a Thomas, Juan Jorge  |e (traducción) 
910 |a Fondo General 
920 |a Impresos - Libros 
930 |a Colección General 
905 |a 101 
901 |a 0008510100  |b IT1  |c ACC  |i 000851  |u 20250521 
902 |a https://opac.biblio.iteso.mx/vufind/Record/000000851